Rosario Soler (Record no. 186129)

MARC details
000 -LEADER
campo de control de longitud fija 00941nam a2200253 i 4500
001 - NÚMERO DE CONTROL
campo de control 186129
003 - IDENTIFICADOR DE NÚMERO DE CONTROL
campo de control SpMaBN
005 - FECHA Y HORA DE LA ÚLTIMA TRANSACCIÓN
campo de control 20250822142916.0
008 - DATOS DE LONGITUD FIJA--INFORMACIÓN GENERAL
campo de control de longitud fija 160912s2015 sp aco |||| |bspa d
020 ## - NÚMERO INTERNACIONAL ESTÁNDAR DEL LIBRO
Número Internacional Estándar del Libro 978-84-943713-1-8
080 ## - NÚMERO DE LA CLASIFICACIÓN DECIMAL UNIVERSAL
Número de la Clasificación Decimal Universal 929 Soler, Rosario
100 1# - ENTRADA PRINCIPAL--NOMBRE DE PERSONA
Nombre de persona Carril Bustamante, Roberto,
Fechas asociadas al nombre 1970-
9 (RLIN) 160795
245 10 - MENCIÓN DEL TÍTULO
Título Rosario Soler
Resto del título : una zarzuela en cuadros disolventes /
Mención de responsabilidad, etc. Roberto Carril Bustamante.
260 ## - PUBLICACIÓN, DISTRIBUCIÓN, ETC.
Lugar de publicación, distribución, etc. Boadilla del Monte, Madrid :
Nombre del editor, distribuidor, etc. Cumbres,
Fecha de publicación, distribución, etc. [2015]
300 ## - DESCRIPCIÓN FÍSICA
Extensión 194 p. :
Otras características físicas il., fot., retr. ;
Dimensiones 22 cm.
500 ## - NOTA GENERAL
Nota general Cronología.
504 ## - NOTA DE BIBLIOGRAFÍA, ETC.
Nota de bibliografía, etc. Referencias bibliográficas.
600 17 - PUNTO DE ACCESO ADICIONAL DE MATERIA--NOMBRE DE PERSONA
Nombre de persona Soler, Rosario,
Fechas asociadas al nombre fl. 1896
Fuente del encabezamiento o término
9 (RLIN) 160796
852 ## - LOCALIZACIÓN
Ubicación ES-MaACL
Número de control de estantería A-13798
itemnumber 193181
Sublocalización o colección R.150907
Ubicación en estantería Depósito 1
Signatura antigua Olim: N-6798
Donativo/Legado Donación: Roberto Carril Bustamante
903 ## - NOMBRE PERSONAL DE DONANTE
a Carril Bustamante, Roberto,
d 1970-
e Donante
9 160795
942 ## - ELEMENTOS DE ENTRADA SECUNDARIOS (KOHA)
Fuente del sistema de clasificación o colocación Clasificación decimal universal
Tipo de ítem Koha Libro impreso
Holdings
Estatus retirado Estado de pérdida Fuente del sistema de clasificación o colocación Estado de daño No para préstamo Biblioteca de origen Biblioteca actual Ubicación en estantería Fecha de adquisición Fuente de adquisición Total de préstamos Signatura topográfica completa Código de barras Visto por última vez Precio de reemplazo Tipo de ítem Koha
    Clasificación decimal universal     Biblioteca del Ateneo de Madrid Biblioteca del Ateneo de Madrid Depósito 1 12/09/2016 Donación   A-13798 1196236 23/02/2023 23/02/2023 Libro impreso